Thakshankunnu swaroopam/ (Record no. 63743)

000 -LEADER
fixed length control field 00407nam a22001577a 4500
020 ## - INTERNATIONAL STANDARD BOOK NUMBER
ISBN 9789385725623
082 ## - DEWEY DECIMAL CLASSIFICATION NUMBER
Classification number M3
Item number KUM/T
100 ## - MAIN ENTRY--AUTHOR NAME
Personal name Kumaran U K
245 ## - TITLE STATEMENT
Title Thakshankunnu swaroopam/
Statement of responsibility, etc by Kumaran U K
260 ## - PUBLICATION, DISTRIBUTION, ETC. (IMPRINT)
Place of publication Kottayam:
Name of publisher Sahitya Pravarthaka Sahakarana Samgham,
Year of publication 2015.
300 ## - PHYSICAL DESCRIPTION
Number of Pages 414p.
650 ## - SUBJECT ADDED ENTRY--TOPICAL TERM
Topical Term Novel Malayalam
650 ## - SUBJECT ADDED ENTRY--TOPICAL TERM
Topical Term Literature Malayalam
650 ## - SUBJECT ADDED ENTRY--TOPICAL TERM
Topical Term Literature
942 ## - ADDED ENTRY ELEMENTS (KOHA)
Koha item type Book
Holdings
Withdrawn status Lost status Damaged status Not for loan Permanent Location Current Location Shelving location Date acquired Cost, normal purchase price Full call number Accession Number Price effective from Koha item type
        Sree Sankaracharya University of Sanskrit Sree Sankaracharya University of Sanskrit Stacks 09.12.2016 350.00 M3 KUM/T 082854 09.12.2016 Book